000 01434nam a2200337 a 4500
001 ebr10062662
003 CaPaEBR
006 m u
007 cr cn|||||||||
008 021025m20039999txuab sb s001 0aeng
010 _z 2002152293
020 _z1574411616 (alk. paper)
040 _aCaPaEBR
_cCaPaEBR
035 _a(OCoLC)70747217
050 1 4 _aE83.866
_b.B75 2003eb
082 0 4 _a978/.02/092
_aB
_221
100 1 _aBourke, John Gregory,
_d1846-1896.
245 1 4 _aThe diaries of John Gregory Bourke /
_cedited and annotated by Charles M. Robinson III
_h[electronic resource].
260 _aDenton, Tex. :
_bUniversity of North Texas,
_cc2003-
300 _av. <1 > :
_bill., map.
504 _aIncludes bibliographical references (p. 489-497) and index.
505 1 _av. 1. November 20, 1872-July 28, 1876.
533 _aElectronic reproduction.
_bPalo Alto, Calif. :
_cebrary,
_d2013.
_nAvailable via World Wide Web.
_nAccess may be limited to ebrary affiliated libraries.
600 1 0 _aBourke, John Gregory,
_d1846-1896
_vDiaries.
650 0 _aSoldiers
_zWest (U.S.)
_vDiaries.
650 0 _aIndians of North America
_xWars
_y1866-1895
_vPersonal narratives.
655 7 _aElectronic books.
_2local
700 1 _aRobinson, Charles M.,
_d1949-
710 2 _aebrary, Inc.
856 4 0 _uhttp://site.ebrary.com/lib/rucke/Doc?id=10062662
_zAn electronic book accessible through the World Wide Web; click to view
999 _c47062
_d47062